Can you name every player selected in the 2002 NFL Draft? - Statistics

General Stats
  • This quiz has been taken 4 times
  • The average score is 40 of 261
Answer Stats
Round Pick Team College Position Player % Correct
5 141 Cleveland Browns Florida LB Andra Davis
100%
2 47 Cleveland Browns Virginia Tech WR Andre' Davis
100%
4 105 Minnesota Vikings NC State CB Brian Williams
100%
6 209 Baltimore Ravens Southern Miss SS Chad Williams
100%
7 226 New York Giants Miami (FL) WR Daryl Jones
100%
1 1 Houston Texans Fresno State QB David Carr
100%
3 98 Arizona Cardinals Kentucky DE Dennis Johnson
100%
6 208 Dallas Cowboys Sacred Heart WR DeVeren Johnson
100%
3 96 Denver Broncos Mississippi State DT Dorsett Davis
100%
7 229 Houston Texans Minnesota DE Greg "Stylez G" White
100%
1 3 Detroit Lions Oregon QB Joey Harrington
100%
1 2 Carolina Panthers North Carolina DE Julius Peppers
100%
2 41 Cincinnati Bengals Washington State FS Lamont Thompson
100%
1 10 Cincinnati Bengals Arizona State OT Levi Jones
100%
1 4 Buffalo Bills Texas OT Mike Williams
100%
2 38 Minnesota Vikings Washington State LB Raonall Smith
100%
4 123 Baltimore Ravens Minnesota WR Ron Johnson
100%
3 72 Chicago Bears Tuskegee CB Roosevelt Williams
100%
1 8 Dallas Cowboys Oklahoma SS Roy Williams
100%
7 246 Jacksonville Jaguars Oregon CB Steve Smith
100%
2 45 Tennessee Titans Stanford SS Tank Williams
100%
5 155 Baltimore Ravens Alabama TE Terry Jones
100%
7 261 Houston Texans UNLV DT Ahmad Miller
50%
1 15 Tennessee Titans Tennessee DT Albert Haynesworth
50%
4 104 Chicago Bears Florida DE Alex Brown
50%
2 62 Pittsburgh Steelers Indiana WR Antwaan Randle-El
50%
4 111 Cleveland Browns Virginia Tech LB Ben Taylor
50%
5 140 Chicago Bears Louisiana Tech SS Bobby Gray
50%
6 204 Indianapolis Colts Stanford RB Brian Allen
50%
1 22 New York Jets UAB DE Bryan Thomas
50%
1 25 New Orleans Saints Georgia DE Charles Grant
50%
3 83 Houston Texans Maryland DT Charles Hill
50%
6 207 Baltimore Ravens Toledo RB Chester Taylor
50%
7 225 Tennessee Titans Northern Illinois WR Darrell Hill
50%
1 11 Indianapolis Colts Syracuse DE Dwight Freeney
50%
1 24 Baltimore Ravens Miami (FL) FS Ed Reed
50%
6 190 Houston Texans LSU DT Howard Green
50%
3 82 New Orleans Saints Oregon State LB James Allen
50%
6 183 Indianapolis Colts Miami (FL) SS James Lewis
50%
4 126 New England Patriots LSU DE Jarvis Green
50%
1 14 New York Giants Miami (FL) TE Jeremy Shockey
50%
7 219 Cincinnati Bengals North Carolina DE Joey Evans
50%
1 9 Jacksonville Jaguars Tennessee DT John Henderson
50%
4 134 Detroit Lions Montana State DE John Taylor
50%
2 36 Buffalo Bills LSU WR Josh Reed
50%
6 184 Atlanta Falcons Iowa WR Kahlil Hill
50%
6 176 Buffalo Bills UNLV CB Kevin Thomas
50%
4 125 New Orleans Saints Nebraska CB Keyou Carter
50%
5 171 Seattle Seahawks Boise State OT Matt Hill
50%
2 58 Philadelphia Eagles Colorado SS Michael Lewis
50%
2 48 San Diego Chargers Florida WR Reche Caldwell
50%
1 31 St. Louis Rams UCLA LB Robert Thomas
50%
4 124 Philadelphia Eagles Arizona State OC Scott Peters
50%
2 59 Philadelphia Eagles South Carolina CB Sheldon Brown
50%
2 46 New York Giants Auburn WR Tim Carter
50%
5 166 Pittsburgh Steelers Georgia RB Verron Haynes
50%
1 16 Cleveland Browns Boston College RB William Green
50%
5 156 Green Bay Packers Iowa DE Aaron Kampman
0%
7 254 Tampa Bay Buccaneers Kansas State WR Aaron Lockhart
0%
6 199 Chicago Bears Georgia Southern RB Adrian Peterson
0%
3 89 Jacksonville Jaguars Purdue LB Akin Ayodele
0%
4 121 New York Jets Fresno State DT Alan Harper
0%
3 68 Detroit Lions South Carolina CB Andre Goodman
0%
2 37 Dallas Cowboys Colorado OC Andre Gurode
0%
5 159 Washington Redskins Tennessee SS Andre Lott
0%
2 52 Baltimore Ravens Notre Dame DE Anthony Weaver
0%
2 63 Dallas Cowboys Pittsburgh WR Antonio Bryant
0%
2 60 Seattle Seahawks UNLV DE Anton Palepoi
0%
7 237 New England Patriots Virginia RB Antwoine Womack
0%
1 19 Denver Broncos Hawaii WR Ashley Lelie
0%
3 71 San Diego Chargers Kansas State LB Ben Leber
0%
6 211 Dallas Cowboys Virginia Tech TE Bob Slowikowski
0%
7 258 Carolina Panthers Louisiana-Lafayette CB Brad Franklin
0%
5 163 San Francisco 49ers BYU QB Brandon Doman
0%
7 242 Pittsburgh Steelers BYU DE Brett Keisel
0%
3 91 Philadelphia Eagles Villanova RB Brian Westbrook
0%
6 210 Chicago Bears UCLA TE Bryan Fletcher
0%
5 165 Chicago Bears Pittsburgh LB Bryan Knight
0%
1 7 Minnesota Vikings Miami (FL) OT Bryant McKinnie
0%
7 240 Tennessee Titans Arkansas DE Carlos Hall
0%
7 218 Minnesota Vikings Virginia Tech OT Chad Beasley
0%
2 50 Houston Texans San Diego State OG Chester Pitts
0%
3 88 New York Jets Michigan State TE Chris Baker
0%
6 175 Detroit Lions USC CB Chris Cash
0%
3 94 Pittsburgh Steelers Florida State FS Chris Hope
0%
4 118 Jacksonville Jaguars Virginia TE Chris Luzar
0%
7 243 St. Louis Rams Marshall FB Chris Massey
0%
7 228 Denver Broncos Georgia Tech FS Chris Young
0%
6 180 Jacksonville Jaguars Southwest Texas State DT Clenton Ballard
0%
3 87 Washington Redskins Utah WR Cliff Russell
0%
2 51 Denver Broncos Miami (FL) RB Clinton Portis
0%
5 167 St. Louis Rams Ohio State LB Courtland Bullard
0%
3 97 Buffalo Bills Stanford SS Coy Wire
0%
6 194 Seattle Seahawks Michigan State PT Craig Jarrett
0%
5 164 Green Bay Packers Northwestern State QB Craig Nall
0%
1 21 New England Patriots Colorado TE Daniel Graham
0%
4 100 Carolina Panthers Arkansas Pine-Bluff CB Dante Wesley
0%
4 122 Cleveland Browns Ohio State TE Darnell Sanders
0%
4 112 Baltimore Ravens Ohio PT Dave Zastudil
0%
4 108 Jacksonville Jaguars East Carolina QB David Garrard
0%
7 253 New England Patriots Notre Dame WR David Givens
0%
6 182 Indianapolis Colts Virginia Tech DT David Pugh
0%
4 106 Indianapolis Colts North Carolina LB David Thornton
0%
2 65 New England Patriots Louisville WR Deion Branch
0%
6 173 Houston Texans Kansas State CB DeMarcus Faggins
0%
3 75 Dallas Cowboys Ohio State CB Derek Ross
0%
7 224 New Orleans Saints Virginia Tech DE Derrius Monroe
0%
2 34 Carolina Panthers UCLA RB DeShaun Foster
0%
7 260 Buffalo Bills Tennessee LB Dominique Stevenson
0%
1 13 New Orleans Saints Tennessee WR Donte Stallworth
0%
2 55 Oakland Raiders BYU TE Doug Jolley
0%
4 132 Minnesota Vikings Utah OG Ed Ta'amu
0%
3 95 St. Louis Rams Nebraska WR Eric Crouch
0%
7 239 San Francisco 49ers Stanford OC Eric Heitmann
0%
5 162 Philadelphia Eagles Alabama WR Freddie Milons
0%
3 66 Houston Texans Tennessee OG Fred Weary
0%
7 234 Washington Redskins Hampton DE Greg Scott
0%
7 247 Jacksonville Jaguars Michigan PK Hayden Epstein
0%
5 144 Denver Broncos Michigan State WR Herb Haygood
0%
2 33 Houston Texans Florida WR Jabar Gaffney
0%
4 129 Dallas Cowboys Ohio State FB Jamar Martin
0%
6 203 Chicago Bears Delaware WR Jamin Elliott
0%
7 251 Buffalo Bills Virginia Tech RB Jarrett Ferguson
0%
5 136 Houston Texans New Mexico FB Jarrod Baxter
0%
5 149 Arizona Cardinals Alabama WR Jason McAddley
0%
6 206 Baltimore Ravens Notre Dame WR Javin Hunter
0%
1 20 Green Bay Packers Florida State WR Javon Walker
0%
6 191 Denver Broncos Boise State TE Jeb Putzier
0%
4 102 San Francisco 49erS Florida PK Jeff Chandler
0%
7 230 Washington Redskins UCLA OC Jeff Grau
0%
3 78 New York Giants Penn OT Jeff Hatch
0%
7 232 Seattle Seahawks Southern Miss QB Jeff Kelly
0%
5 157 Tampa Bay Buccaneers Georgia FS Jermaine Phillips
0%
1 28 Seattle Seahawks Washington TE Jerramy Stevens
0%
7 227 Cleveland Browns Miami (FL) OT Joaquin Gonzalez
0%
6 196 New Orleans Saints Penn State TE John Gilmore
0%
5 138 Detroit Lions Notre Dame TE John Owens
0%
6 193 Tampa Bay Buccaneers South Carolina DE John Stamper
0%
5 154 New York Jets Michigan OG Jonathan Goodwin
0%
4 99 Houston Texans Ohio State RB Jonathan Wells
0%
2 57 New York Jets Kansas State FS Jon McGraw
0%
3 74 Indianapolis Colts Western Kentucky SS Joseph Jefferson
0%
7 220 Indianapolis Colts Georgia DE Josh Mallard
0%
3 81 Arizona Cardinals Sam Houston State QB Josh McCown
0%
6 185 Arizona Cardinals Kansas State RB Josh Scobey
0%
5 172 San Francisco 49ers Michigan State DT Josh Shaw
0%
6 186 New Orleans Saints UC Davis QB J.T. O'Sullivan
0%
5 139 Buffalo Bills Colorado DT Justin Bannan
0%
6 187 Tennessee Titans Kansas OC Justin Hartwig
0%
4 103 San Diego Chargers Oregon TE Justin Peelle
0%
5 151 Tennessee Titans Akron WR Justin Schifino
0%
2 35 Detroit Lions South Carolina DE Kalimba Edwards
0%
6 174 Carolina Panthers Sam Houston State TE Keith Heinrich
0%
7 222 Jacksonville Jaguars Middle Tennessee WR Kendall Newson
0%
1 30 Pittsburgh Steelers Auburn OG Kendall Simmons
0%
5 147 Oakland Raiders UCLA DE Kenyon Coleman
0%
4 101 Cleveland Browns Northwestern LB Kevin Bentley
0%
4 127 San Francisco 49ers Texas Tech SS Kevin Curtis
0%
5 148 Atlanta Falcons Virginia Tech SS Kevin McCadam
0%
7 244 Atlanta Falcons Tulsa OT Kevin Shaffer
0%
6 189 Oakland Raiders Albany State FS Keyon Nash
0%
3 85 Seattle Seahawks USC CB Kris Richard
0%
5 158 Atlanta Falcons Illinois QB Kurt Kittner
0%
7 248 San Francisco 49ers Arizona State OT Kyle Krosier
0%
2 56 Washington Redskins Iowa RB LaDell Betts
0%
3 84 St. Louis Rams North Dakota State RB Lamar Gordon
0%
6 195 Baltimore Ravens Eastern Washington CB Lamont Brightful
0%
2 53 Oakland Raiders California OT Langston Walker
0%
4 128 Pittsburgh Steelers Michigan LB Larry Foote
0%
2 43 Kansas City Chiefs UAB DE Larry Freeman
0%
6 197 Oakland Raiders San Diego State RB Larry Ned
0%
2 42 Indianapolis Colts Washington DT Larry Tripplett
0%
7 212 Pittsburgh Steelers Cincinnati CB Lavar Glover
0%
2 44 New Orleans Saints Ohio State OC LeCharles Bentley
0%
6 202 Pittsburgh Steelers UTEP WR Lee Mays
0%
7 241 Miami Dolphins East Carolina RB Leonard Henry
0%
2 49 Arizona Cardinals NC State LB Levar Fisher
0%
1 26 Philadelphia Eagles Florida CB Lito Sheppard
0%
7 214 Detroit Lions BYU RB Luke Staley
0%
1 29 Chicago Bears Boston College OT Marc Columbo
0%
6 201 San Francisco 49ers Wisconsin TE Mark Anelli
0%
6 181 Cincinnati Bengals Florida SS Marquand Manuel
0%
3 92 Green Bay Packers UCLA FS Marques Anderson
0%
3 86 Tampa Bay Buccaneers Michigan WR Marquise Walker
0%
4 116 Atlanta Falcons Miami (FL) OG Martin Bibla
0%
6 178 San Diego Chargers Minnesota OT Matt Anderle
0%
7 252 Detroit Lions Maryland TE Matt Murphy
0%
3 67 Cincinnati Bengals TCU TE Matt Schobel
0%
2 54 Seattle Seahawks Oregon RB Maurice Morris
0%
7 221 Kansas City Chiefs Fresno State LB Maurice Rodriguez
0%
6 200 Green Bay Packers San Diego State OT Max Houghton
0%
5 150 New Orleans Saints Western Kentucky FS Mel Mitchell
0%
3 76 Cleveland Browns Maryland OC Melvin Fowler
0%
7 217 Atlanta Falcons Widener WR Michael Coleman
0%
5 145 Carolina Panthers Syracuse FB Michigan State
0%
7 223 Arizona Cardinals Iowa State TE Mike Banks
0%
4 110 Tennessee Titans Wisconsin CB Mike Echols
0%
2 40 Jacksonville Jaguars Florida OT Mike Pearson
0%
7 215 Buffalo Bills Auburn OC Mike Pucillo
0%
1 27 San Francisco 49ers Miami (FL) CB Mike Rumph
0%
7 231 Denver Broncos Virginia DT Monsanto Pope
0%
4 135 Green Bay Packers Miami (FL) RB Najeh Davenport
0%
1 23 Oakland Raiders Northwestern LB Napoleon Harris
0%
4 113 Arizona Cardinals Kansas DT Nate Dwyer
0%
5 152 New York Giants Wisconsin LB Nick Greisen
0%
6 177 Minnesota Vikings Georgia Tech LB Nick Rogers
0%
4 107 Kansas City Chiefs Penn State FB Omar Easy
0%
5 161 Miami Dolphins Washington FS Omare Lowe
0%
1 32 Washington Redskins Tualne QB Patrick Ramsey
0%
7 213 Carolina Panthers North Dakota State OG Pete Campion
0%
5 168 Dallas Cowboys Virginia Union CB Pete Hunter
0%
1 17 Oakland Raiders Miami (FL) CB Philip Buchanon
0%
1 5 San Diego Chargers Texas CB Quentin Jammer
0%
7 245 New York Giants North Carolina LB Quincy Monk
0%
7 238 Philadelphia Eagles Temple DE Raheem Brock
0%
5 153 Houston Texans Pittsburgh FS Ramon Walker
0%
5 137 Carolina Panthers Stanford QB Randy Fasani
0%
4 114 Miami Dolphins Georgia TE Randy McMichael
0%
3 79 Washington Redskins Oregon CB Rashad Bauman
0%
6 192 Washington Redskins Tennessee OT Reggie Coleman
0%
5 160 Washington Redskins LSU TE Robert Royal
0%
7 257 Washington Redskins Kansas State RB Rock Cartwright
0%
5 146 Seattle Seahawks Texas A&M DT Rocky Bernard
0%
4 133 Tennessee Titans Notre Dame LB Rocky Boiman
0%
3 77 Tennessee Titans Oklahoma LB Rocky Calmus
0%
7 249 Buffalo Bills Fresno State WR Rodney Wright
0%
4 117 New England Patriots LSU QB Rohan Davey
0%
7 235 Oakland Raiders North Carolina QB Ronald Curry
0%
2 61 Buffalo Bills BYU DE Ryan Denney
0%
5 169 Seattle Seahawks Northern Iowa TE Ryan Hannam
0%
1 6 Kansas City Chiefs North Carolina DT Ryan Sims
0%
3 69 San Francisco 49ers Alabama LB Saleem Rasheed
0%
5 170 Miami Dolphins Northwestern WR Sam Simmons
0%
5 143 Kansas City Chiefs California LB Scott Fujita
0%
4 131 Denver Broncos UNLV SS Sean Brandon
0%
7 216 San Diego Chargers Cal Poly QB Seth Burford
0%
3 90 Miami Dolphins Texas A&M OC Seth McKinney
0%
6 205 St. Louis Rams Ohio State QB Steve Bellisari
0%
7 256 San Francisco 49ers Tennessee CB Teddy Gaines
0%
3 93 Chicago Bears Ole Miss OG Terrance Metcalfe
0%
4 120 Seattle Seahawks Georgia SS Terreal Bierria
0%
5 142 San Diego Chargers Portland State WR Terry Charles
0%
7 233 Tampa Bay Buccaneers Georgia CB Tim Wansley
0%
1 18 Atlanta Falcons Michigan State RB T.J. Duckett
0%
2 39 San Diego Chargers Nebraska OG Tonuiu Fonoti
0%
4 115 Tennessee Titans UW-Stout CB Tony Beckham
0%
7 250 Tampa Bay Buccaneers Wisconsin TE Tracey Wistrom
0%
4 109 Cincinnati Bengals Purdue PK Travis Dorsch
0%
2 64 St. Louis Rams UCF CB Travis Fisher
0%
4 130 St. Louis Rams Arizona State OG Travis Scott
0%
4 119 Tampa Bay Buccaneers Tennessee RB Travis Stephens
0%
6 198 Philadelphia Eagles Notre Dame LB Tyreo Harrison
0%
6 179 Dallas Cowboys Ohio State OC Tyson Walker
0%
7 259 Detroit Lions Colorado OT Victor Rogers
0%
1 12 Arizona Cardinals Wisconsin DT Wendell Bryant
0%
6 188 New York Giants Oregon LB Wesly Mallard
0%
7 236 Baltimore Ravens Stephen F. Austin QB Wes Pate
0%
3 70 Minnesota Vikings South Carolina SS Willie Offord
0%
3 80 Atlanta Falcons Tennessee LB Will Overstreet
0%
3 73 Carolina Panthers Georgia LB Will Witherspoon
0%
7 255 Tampa Bay Buccaneers Stanford OC Zack Quaccia
0%
No matching quizzes found
Score Distribution
Percent of People with Each Score
Percentile by Number Answered
Your Score History
You have not taken this quiz